UBT Library

The Crisis in economic theory / (Record no. 42630)

000 -LEADER
fixed length control field 00634cam a2200229 a 4500
001 - CONTROL NUMBER
control field 4664872
005 - DATE AND TIME OF LATEST TRANSACTION
control field 20180215050714.0
008 - FIXED-LENGTH DATA ELEMENTS--GENERAL INFORMATION
fixed length control field 820303s1981 nyu b 001 0 eng
010 ## - LIBRARY OF CONGRESS CONTROL NUMBER
LC control number 80070392
020 ## - INTERNATIONAL STANDARD BOOK NUMBER
International Standard Book Number 0465014763 :
Terms of availability $15.50
020 ## - INTERNATIONAL STANDARD BOOK NUMBER
International Standard Book Number 0465014771 (pbk.) :
Terms of availability $6.00
040 ## - CATALOGING SOURCE
Original cataloging agency DLC
Transcribing agency DLC
Modifying agency DLC
041 ## - LANGUAGE CODE
Language code of text/sound track or separate title eng
080 ## - UNIVERSAL DECIMAL CLASSIFICATION NUMBER
Universal Decimal Classification number 330.1 BEL
082 00 - DEWEY DECIMAL CLASSIFICATION NUMBER
Classification number 330.1 BEL
Edition number 19
100 ## - Rafti
Rafti 52
101 ## - Shkurtesa
Shkurtesa EKO
245 04 - TITLE STATEMENT
Title The Crisis in economic theory /
Statement of responsibility, etc edited by Daniel Bell and Irving Kristol.
504 ## - BIBLIOGRAPHY, ETC. NOTE
Bibliography, etc Includes bibliographies and index.
906 ## - LOCAL DATA ELEMENT F, LDF (RLIN)
a 7
b cbc
c orignew
d 2
e opcn
f 19
g y-gencatlg
942 ## - ADDED ENTRY ELEMENTS (KOHA)
Source of classification or shelving scheme
Item type Books
Holdings
Withdrawn status Lost status Source of classification or shelving scheme Damaged status Not for loan Collection code Permanent location Current location Shelving location Date acquired Total Checkouts Full call number Barcode Date last seen Price effective from Koha item type
          Koleksioni i përgjithshem UBT - Lipjan UBT - Lipjan Koleksioni i përgjithshem 02/15/2018   330.1 BEL 002-2997436 02/15/2018 02/15/2018 Books
UBT Library © 2015-2024. All rights reserved University Education for Business and Technology